Obra completa en poesía
Сохранить в:
| Главный автор: | |
|---|---|
| Формат: | |
| Язык: | английский испанский |
| Опубликовано: |
Barcelona
Ediciones 29
1979
|
| Редактирование: | 4a. ed |
| Серии: | Libros Río Nuevo
|
| Предметы: | |
| Метки: |
Добавить метку
Нет меток, Требуется 1-ая метка записи!
|
MARC
| LEADER | 00000nam a2200000 a 4500 | ||
|---|---|---|---|
| 001 | UCO4717 | ||
| 003 | CL-VaPUC | ||
| 008 | 000811e19790000SP |||||||||||||||||eng|d | ||
| 041 | 0 | 7 | |a eng |2 CL-VaPUC |
| 041 | 0 | 7 | |a spa |2 CL-VaPUC |
| 082 | 0 | 4 | |a 821 |b SHA |2 21 |
| 100 | |a Shakespeare, William |e author |9 265757 | ||
| 245 | 1 | 0 | |a Obra completa en poesía |
| 250 | |a 4a. ed | ||
| 300 | |a 443 p | ||
| 942 | |c BK | ||
| 945 | |d 20000811 00:00:00 |a crobeson | ||
| 260 | |a Barcelona |b Ediciones 29 |c 1979 | ||
| 600 | 0 | |a Shakespeare, William |9 265757 | |
| 650 | 0 | |a Poesía inglesa |9 264944 | |
| 650 | 0 | |a Crítica e interpretación |9 255042 | |
| 583 | |a last modification |c 20000811 00:00:00 |k Rodrigo Vera | ||
| 490 | 0 | |a Libros Río Nuevo | |
| 999 | |c 290719 |d 290717 | ||
| 952 | |0 0 |1 0 |4 0 |6 821_000000000000000_SHA_1979 |7 0 |8 A |9 340278 |a BIBART |b BIBART |d 2019-11-20 |i 121506K |l 4 |m 3 |o 821 SHA 1979 |p 121506K |r 2025-03-13 |s 2023-08-31 |w 2019-11-20 |y BK |k ART | ||